Statystyki dla 50 Najpopularniejszych słówek w języku angielskim

Kliknij tutaj aby rozwiązać quiz!

Ogólne statystyki

  • Ten quiz został rozwiązany 656 razy
  • Średni wynik to 32 z 50

Statystyki odpowiedzi

Lp.Podstawowe znaczeniaTłumaczenie% Poprawnych
9przedimek nieokreślony używany z rzeczownikami policzalnymi w liczbie pojedynczej, których wymowa zaczyna się od spółgłoskia
98%
35jai
96%
27na (na powierzchni czegoś)on
93%
21onhe
92%
1przedimek określony występujący przed rzeczownikami w liczbie pojedynczejthe
92%
7i, orazand
90%
11w (we wnętrzu czegoś); do (do wewnątrz czegoś)in
90%
41byćbe
89%
17ty; wy; ciebie, tobie, ci; was, wam;you
88%
31z (kimś, czymś)with
87%
2imię, nazwa (osoby); nazwa (miejsca, przedmiotu); nazywaćname
86%
13jest (forma czasownika "be")is
83%
42chłopiecboy
82%
25dla, do (kogoś); do, na (z jakimś przeznaczeniem)for
81%
45jedenone
81%
15ono, to; to, tegoit
80%
5aby, żeby (np. coś zrobić); do, na; w celu, po to żebyto
80%
29jesteś, są (forma czasownika "be")are
79%
20pomagać; pomoc; ratunek (dla potrzebującej osoby); wsparciehelp
79%
39oni, onethey
78%
16myśleć, sądzić, uważać;think
77%
47mieć, posiadaćhave
76%
44stary (nie młody, nie nowy)old
76%
49tothis
72%
23być w czasie przeszłym [past tense (singular)]was
71%
37jegohis
70%
18powiedzieć (coś do kogoś), mówić, twierdzić;say
64%
40prawidłowy, właściwy (np. odpowiedź); prawy, prawa (np. ręka, strona)right
62%
43w, przy, na; o (np. o godzinie)at
57%
32dużo, wiele (np. pieniędzy, lepszy, szybszy)much
57%
4bardzo; właśnie ten, dokładnie tenvery
57%
48taki sam, identycznysame
54%
46zbyt; bardzotoo
53%
19tamten, tamta, tamto; który, jaki; że, żeby, iż; tak (np. Nie jestem aż tak głupi.)that
52%
36przed, zanimbefore
51%
50powiedzieć, mówić (coś komuś), informowaćtell
49%
33jak, tak jakas
43%
14wielki, ogromny (na dużą skalę, w dużym zakresie); świetny, wspaniały, wielki; Świetnie!great
42%
24kolejka (np. w sklepie, na przystanku); linia, kreska (np. na papierze); granicaline
42%
34mieć na myśli, znaczyćmean
41%
38przenosić, przesuwać, poruszać; ruchmove
41%
3z, ze (np. większość z nich); używane do mówienia o cesze lub właściwości czegośof
36%
26różnić się (od czegoś innego)differ
35%
10forma, postać, kształt; forma, kondycja; formować, zakładać, tworzyćform
35%
8tylko, zaledwie, ledwo; dokładnie, dokładnie tak; właśnie, dopiero co; sprawiedliwyjust
35%
6przez (piłka wpadła przez okno, szedłem przez las)through
34%
28kolej, kolejka (np. podczas gry w karty); przecznica, zakręt; obracać sięturn
34%
22niski, niewielki (cena, dochód, kwota); nisko, przy ziemilow
33%
30spowodować, wywołać; przyczyna, powódcause
26%
12zdanie; wyrok (np. więzienia); skazaćsentence
26%

Rozkład punktacji

Percentyl według liczby udzielonych odpowiedzi

Procent ludzi z każdym wynikiem

Twoja historia wyników

Nie rozwiązałeś tego quizu